000
00269nam a22001217a 4500
008
171130b xxu||||| |||| 00| 0 eng d
041
_a
eng
080
_a
32
100
_a
19
101
_a
POL
245
_a
TAKING THE CONSTITUTION SERIOUSLY
_c
BERNS,W
942
_2
udc
_c
BK
999
_c
38628
_d
38628